Gotham - Characters by Actor Quiz (S1-S4) - Statistics

General Stats
  • This quiz has been taken 415 times
    406 since last reset
  • The average score is 33 of 49
Answer Stats
Actor Last Name % Correct
Ben McKenzie James
99%
David Mazouz Bruce
98%
Ben McKenzie Gordon
97%
Robin Lord Taylor Oswald
96%
David Mazouz Wayne
95%
Cory Michael Smith Edward
94%
Camren Bicondova Selina
92%
Sean Pertwee Alfred
91%
Donal Logue Harvey
91%
Cameron Monaghan Jerome
90%
Robin Lord Taylor Cobblepot
88%
Camren Bicondova Kyle
87%
David Mazouz Batman
86%
Donal Louge Bullock
86%
Cory Michael Smith Nygma
86%
Robin Lord Taylor The Penguin
86%
Erin Richards Barbara
84%
Jada Pinkett Smith Fish
84%
Sean Pertwee Pennyworth
83%
Cameron Monaghan The Joker
83%
Cory Michael Smith The Riddler
83%
Cameron Monaghan Jeremiah
82%
Camren Bicondova Catwoman
81%
Jada Pinkett Smith Mooney
81%
Morena Baccarin Leslie
78%
Cameron Monaghan Valeska
77%
Cameron Monaghan Valeska
77%
Erin Richards Kean
73%
Drew Powell Butch
67%
Morena Baccarin Thompkins
60%
Jessica Lucas Tabitha
56%
BD Wong Strange
55%
Anthony Carrigan Victor
55%
BD Wong Hugo
53%
John Doman Falcone
50%
Jessica Lucas Galavan
48%
Drew Powell Solomon Grundy
47%
Anthony Carrigan Zsasz
46%
Chris Chalk Fox
45%
Drew Powell Gilzean
45%
John Doman Carmine
43%
Chris Chalk Lucius
43%
Michael Chiklis Barnes
35%
Michael Chiklis Nathaniel
28%
Carol Kane Gertrude
13%
Carol Kane Kapelput
13%
BD Wong The Philosopher
12%
Paul Ruebens Elijah
9%
Paul Ruebens Van Dahl
8%
No matching quizzes found
Score Distribution
Percent of People with Each Score
Percentile by Number Answered
Your Score History
You have not taken this quiz since the last reset